[Event "WC-2016-Q-00005"]
[Site "LSS email"]
[Date "2013.10.22"]
[Round "?"]
[White "Mueller Alves, Martin"]
[Black "Kudryavtsev, Yaroslav Viktorovic"]
[Result "1-0"]
[WhiteElo "2322"]
[BlackElo "1961"]
[PlyCount "67"]
[EventDate "2013.10.27"]
[EventType "tourn (corr)"]
[EventRounds "12"]
[EventCountry "GER"]
[SourceTitle "Corr 2015"]
[Source "ChessBase"]
[SourceDate "2015.07.17"]
[SourceVersion "1"]
[SourceVersionDate "2015.07.17"]
[SourceQuality "1"]

1. e4 c5 2. Nf3 d6 3. d4 cxd4 4. Nxd4 Nf6 5. Nc3 a6 6. Be3 e5 7. Nb3 Be6 8. f3 Nbd7 9. g4 Nb6 10. g5 Nfd7 11. Qd2 h6 12. 0-0-0 hxg5 13. Bxg5 Qc7 14. Kb1 f6 15. Be3 0-0-0 16. h4 Kb8 17. Bf2 g6 18. Rg1 Bf7 19. a4 Rc8 20. a5 Nc4 21. Bxc4 Qxc4 22. Qe3 Nc5 23. Nxc5 Rxc5 24. f4 Rh5 25. Rd3 Be7 26. f5 gxf5 27. Rg7 Qe6 28. Qh3 Rxa5 29. Bb6 fxe4 30. Rxf7 Qxf7 31. Qd7 Rc5 32. Nxe4 Rxh4 33. Rb3 Rxe4 34. Ba7+ 1-0

[Event "WC-2016-Q-00005"]
[Site "LSS email"]
[Date "2013.10.22"]
[Round "?"]
[White "Nemec, Zdenek"]
[Black "Kudryavtsev, Yaroslav Viktorovic"]
[Result "1-0"]
[WhiteElo "2224"]
[BlackElo "1961"]
[PlyCount "121"]
[EventDate "2013.10.27"]
[EventType "tourn (corr)"]
[EventRounds "12"]
[EventCountry "GER"]
[SourceTitle "Corr 2015"]
[Source "ChessBase"]
[SourceDate "2015.07.17"]
[SourceVersion "1"]
[SourceVersionDate "2015.07.17"]
[SourceQuality "1"]

1. e4 c6 2. d4 d5 3. exd5 cxd5 4. Bd3 Nc6 5. c3 Qc7 6. h3 Nf6 7. Nf3 g6 8. 0-0 Bf5 9. Bg5 Bg7 10. Ne1 Ne4 11. Bxe4 Bxe4 12. Nd2 Bf5 13. Bh4 f6 14. Nb3 0-0 15. Nc2 b6 16. Ne3 Be6 17. Bg3 Qd7 18. a4 Bf7 19. a5 e5 20. Qd3 Rfe8 21. axb6 axb6 22. Qb5 Qe6 23. Rxa8 Rxa8 24. Re1 h5 25. dxe5 fxe5 26. Nc2 Be8 27. Nd2 Ne7 28. Qb4 Nc6 29. Qb3 Na5 30. Qa2 Bc6 31. Nd4 Qd7 32. Nxc6 Qxc6 33. Qb1 Re8 34. b4 Nb7 35. Qc2 Kh7 36. Nf3 e4 37. Ng5+ Kh8 38. Rc1 Nd8 39. Bf4 Rf8 40. Be3 Nf7 41. b5 Qd6 42. Nxf7+ Rxf7 43. Rd1 Rd7 44. c4 Qc7 45. c5 bxc5 46. Qxc5 Qxc5 47. Bxc5 Kg8 48. b6 Kf7 49. Kf1 Ke6 50. f3 exf3 51. Re1+ Kf5 52. gxf3 d4 53. Ke2 d3+ 54. Kd1 Bh6 55. Re7 Rxe7 56. Bxe7 Bf4 57. b7 g5 58. Ba3 g4 59. hxg4+ hxg4 60. fxg4+ Kxg4 61. Bc1 1-0

[Event "CP-2013-P-00053"]
[Site "LSS email"]
[Date "2013.09.30"]
[Round "?"]
[White "Kudryavtsev, Yaroslav Viktorovic"]
[Black "Bottoni, Carlo"]
[Result "0-1"]
[WhiteElo "1970"]
[BlackElo "1751"]
[PlyCount "38"]
[EventDate "2013.10.01"]
[EventType "tourn (corr)"]
[EventRounds "6"]
[EventCountry "GER"]
[SourceTitle "Corr 2015"]
[Source "ChessBase"]
[SourceDate "2015.07.17"]
[SourceVersion "1"]
[SourceVersionDate "2015.07.17"]
[SourceQuality "1"]

1. e4 c5 2. Nf3 e6 3. d4 cxd4 4. Nxd4 Nc6 5. Nc3 Nf6 6. Ndb5 d6 7. Bf4 e5 8. Bg5 a6 9. Na3 b5 10. Bxf6 gxf6 11. Nd5 f5 12. Bd3 Be6 13. 0-0 Bxd5 14. exd5 Ne7 15. Nxb5 Bg7 16. Nc3 e4 17. Be2 h5 18. Qd2 h4 19. Rab1 Qc7 0-1

[Event "SA-2013-0-00363"]
[Site "LSS email"]
[Date "2013.08.24"]
[Round "?"]
[White "Khan, Valery"]
[Black "Kudryavtsev, Yaroslav Viktorovic"]
[Result "1-0"]
[WhiteElo "2137"]
[BlackElo "1970"]
[PlyCount "65"]
[EventDate "2013.08.09"]
[EventType "tourn (corr)"]
[EventRounds "6"]
[EventCountry "GER"]
[SourceTitle "Corr 2015"]
[Source "ChessBase"]
[SourceDate "2015.07.17"]
[SourceVersion "1"]
[SourceVersionDate "2015.07.17"]
[SourceQuality "1"]

1. d4 Nf6 2. Nf3 d5 3. c4 c6 4. Nc3 e6 5. e3 a6 6. c5 Nbd7 7. Qc2 g6 8. Na4 Bg7 9. Bd3 0-0 10. 0-0 Re8 11. b4 e5 12. Nxe5 Nxe5 13. dxe5 Rxe5 14. Bb2 Re7 15. Nb6 Rb8 16. Rfe1 Qf8 17. a4 Ng4 18. b5 Ne5 19. bxa6 bxa6 20. Bf1 Bf5 21. Qd2 Ra7 22. a5 Re8 23. f3 g5 24. Rad1 g4 25. e4 Bg6 26. f4 Qxc5+ 27. Bd4 Qf8 28. Rc1 Bxe4 29. fxe5 Bh6 30. Qe2 Bxc1 31. Rxc1 Qg7 32. Rxc6 g3 33. hxg3 1-0

[Event "SA-2013-0-00363"]
[Site "LSS email"]
[Date "2013.08.24"]
[Round "?"]
[White "Kudryavtsev, Yaroslav Viktorovic"]
[Black "Kudr, Roman"]
[Result "0-1"]
[WhiteElo "1970"]
[BlackElo "1972"]
[PlyCount "88"]
[EventDate "2013.08.09"]
[EventType "tourn (corr)"]
[EventRounds "6"]
[EventCountry "GER"]
[SourceTitle "Corr 2015"]
[Source "ChessBase"]
[SourceDate "2015.07.17"]
[SourceVersion "1"]
[SourceVersionDate "2015.07.17"]
[SourceQuality "1"]

1. e4 c5 2. Nf3 Nc6 3. d4 cxd4 4. Nxd4 Nf6 5. Nc3 e5 6. Ndb5 d6 7. Bg5 a6 8. Na3 b5 9. Bxf6 gxf6 10. Nd5 f5 11. Bxb5 axb5 12. Nxb5 Ra4 13. 0-0 Be7 14. exf5 Bxf5 15. f4 exf4 16. Qh5 Be6 17. Nbc7+ Kd7 18. Nb6+ Kxc7 19. Nxa4 Ne5 20. Rxf4 Rg8 21. Qe2 Bg5 22. Re4 Bd5 23. Nc3 Bxe4 24. Qxe4 Qa8 25. Nd5+ Kd8 26. Qxh7 Re8 27. Qe4 Qc6 28. Rd1 Nc4 29. Qf5 f6 30. b4 Re5 31. Qf3 f5 32. a3 Bd2 33. Nf6 Qc8 34. h3 Qe6 35. Qa8+ Ke7 36. Nh5 Re1+ 37. Rxe1 Qxe1+ 38. Kh2 Qe5+ 39. Kh1 Nxa3 40. Qc8 Be3 41. Qc7+ Kf8 42. c3 Nb5 43. Qd7 Bb6 44. Qc8+ Ke7 0-1

[Event "LSS No Engine Cup 70 Final"]
[Site "LSS email"]
[Date "2013.06.14"]
[Round "?"]
[White "Kudryavtsev, Yaroslav Viktorovic"]
[Black "Hoehne, Volkmar"]
[Result "0-1"]
[WhiteElo "1990"]
[BlackElo "1882"]
[PlyCount "60"]
[EventDate "2013.06.15"]
[EventType "tourn (corr)"]
[EventRounds "6"]
[EventCountry "GER"]
[SourceTitle "Telechess CBM 167"]
[Source "ChessBase"]
[SourceDate "2015.07.13"]
[SourceVersion "1"]
[SourceVersionDate "2015.07.13"]
[SourceQuality "1"]

1. e4 c5 2. Nf3 d6 3. d4 cxd4 4. Nxd4 Nf6 5. Nc3 a6 6. Be3 e5 7. Nb3 Be7 8. Qd2 Be6 9. 0-0-0 Nbd7 10. f3 0-0 11. g4 b5 12. g5 b4 13. Ne2 Ne8 14. f4 a5 15. f5 Bxb3 16. axb3 a4 17. Ng3 axb3 18. cxb3 d5 19. Bc4 d4 20. f6 Bc5 21. Bg1 Nd6 22. fxg7 Kxg7 23. Bd5 Ra2 24. Nf5+ Kh8 25. h4 Nb6 26. Qh2 f6 27. Kb1 Nxd5 28. Kxa2 Nc3+ 29. bxc3 Qa5+ 30. Kb1 Ra8 0-1

[Event "ZH-2013-0-00992"]
[Site "LSS email"]
[Date "2013.01.30"]
[Round "?"]
[White "Kudryavtsev, Yaroslav Viktorovic"]
[Black "Salvatore, Carmine"]
[Result "1/2-1/2"]
[WhiteElo "2033"]
[BlackElo "2242"]
[PlyCount "95"]
[EventDate "2013.01.23"]
[EventType "match (corr)"]
[EventRounds "2"]
[EventCountry "GER"]
[SourceTitle "Telechess CBM 165"]
[Source "ChessBase"]
[SourceDate "2015.03.11"]
[SourceVersion "1"]
[SourceVersionDate "2015.03.11"]
[SourceQuality "1"]

1. d4 Nf6 2. c4 e6 3. Nf3 d5 4. g3 dxc4 5. Bg2 a6 6. 0-0 Nc6 7. e3 Bd7 8. Qe2 b5 9. b3 cxb3 10. axb3 Be7 11. Bb2 0-0 12. Nc3 Nb4 13. Ne5 c6 14. Rfc1 a5 15. Ne4 Nfd5 16. Nc5 Bxc5 17. Rxc5 f6 18. Nxd7 Qxd7 19. e4 Ne7 20. Rcc1 f5 21. Re1 Rfe8 22. Bc3 fxe4 23. Qxe4 Ned5 24. Bd2 Nf6 25. Qb1 Nfd5 26. Bh3 Qf7 27. Qe4 Qf6 28. Kg2 Kh8 29. Bxe6 a4 30. bxa4 bxa4 31. Bxb4 Nxb4 32. Ra3 Nd5 33. Qe5 Qg6 34. Kf1 Re7 35. f4 Qc2 36. f5 Qxh2 37. Rxa4 Rf8 38. Ra3 Ree8 39. Qe2 Qh3+ 40. Kg1 Nf4 41. Qf2 Nxe6 42. Rxe6 Rb8 43. Rf3 g6 44. d5 cxd5 45. Qd4+ Kg8 46. Qxd5 Rf7 47. Re1 gxf5 48. Rb3 1/2-1/2

[Event "CP-2011-Q-00012"]
[Site "LSS email"]
[Date "2013.01.14"]
[Round "?"]
[White "Pijl, Richard"]
[Black "Kudryavtsev, Yaroslav Viktorovic"]
[Result "1-0"]
[WhiteElo "2324"]
[BlackElo "1977"]
[PlyCount "73"]
[EventDate "2013.01.20"]
[EventType "tourn (corr)"]
[EventRounds "8"]
[EventCountry "GER"]
[SourceTitle "Telechess CBM 167"]
[Source "ChessBase"]
[SourceDate "2015.07.13"]
[SourceVersion "1"]
[SourceVersionDate "2015.07.13"]
[SourceQuality "1"]

1. e4 c6 2. d4 d5 3. e5 Bf5 4. Nf3 e6 5. Be2 c5 6. Be3 Nd7 7. 0-0 Ne7 8. c4 dxc4 9. Na3 c3 10. Nb5 Nd5 11. Nxc3 Nxe3 12. fxe3 a6 13. d5 g6 14. dxe6 Bxe6 15. Ne4 Be7 16. Nd6+ Bxd6 17. exd6 0-0 18. Qd2 Rc8 19. e4 f6 20. Rad1 Bxa2 21. e5 fxe5 22. Ng5 h6 23. Rxf8+ Qxf8 24. b4 hxg5 25. Qxa2+ Kg7 26. Bg4 Qe8 27. bxc5 Rxc5 28. h3 Qc8 29. Qd2 Qd8 30. Bxd7 Qxd7 31. Qxg5 b6 32. h4 e4 33. Qf4 Kh7 34. h5 e3 35. hxg6+ Kxg6 36. Qe4+ Kg7 37. Qxe3 1-0

[Event "CP-2011-Q-00012"]
[Site "LSS email"]
[Date "2013.01.14"]
[Round "?"]
[White "Sherwood, Russell"]
[Black "Kudryavtsev, Yaroslav Viktorovic"]
[Result "1/2-1/2"]
[WhiteElo "2101"]
[BlackElo "1977"]
[PlyCount "97"]
[EventDate "2013.01.20"]
[EventType "tourn (corr)"]
[EventRounds "8"]
[EventCountry "GER"]
[SourceTitle "Telechess CBM 167"]
[Source "ChessBase"]
[SourceDate "2015.07.13"]
[SourceVersion "1"]
[SourceVersionDate "2015.07.13"]
[SourceQuality "1"]

1. e4 e5 2. Nf3 Nc6 3. Bb5 Bc5 4. 0-0 Nd4 5. Nxd4 Bxd4 6. c3 Bb6 7. d4 c6 8. Ba4 d6 9. Na3 Nf6 10. Bg5 h6 11. Bxf6 Qxf6 12. d5 Bd7 13. Nc4 Bc7 14. dxc6 bxc6 15. Qd3 0-0 16. Rad1 Rfd8 17. Ne3 Rab8 18. Rd2 Bb6 19. Qe2 Bxe3 20. Qxe3 Rb6 21. b3 Bc8 22. c4 c5 23. Bb5 Qe7 24. Rfd1 Bg4 25. f3 Be6 26. Rd3 a6 27. Ba4 Qc7 28. Qf2 f5 29. Qd2 f4 30. Qa5 Rf8 31. Qe1 Qe7 32. Qd2 Rd8 33. Qa5 Rdb8 34. Kh1 Kh7 35. Qd2 Rd8 36. g3 g5 37. g4 h5 38. h3 Kg6 39. Qa5 Rdb8 40. Kg2 Kf6 41. Rh1 Qb7 42. Rdd1 Rh8 43. Kf2 Kg6 44. Qd2 Qf7 45. Kg1 Kg7 46. Rh2 Qc7 47. Qd3 Kg6 48. Rdd2 Qc8 49. Rdg2 1/2-1/2

[Event "ZH-2012-0-00889"]
[Site "LSS email"]
[Date "2012.10.08"]
[Round "?"]
[White "Kudryavtsev, Yaroslav Viktorovic"]
[Black "Liamtsau, Valery"]
[Result "0-1"]
[WhiteElo "2036"]
[BlackElo "2216"]
[PlyCount "36"]
[EventDate "2012.09.29"]
[EventType "match (corr)"]
[EventRounds "2"]
[EventCountry "GER"]
[SourceTitle "Corr 2015"]
[Source "ChessBase"]
[SourceDate "2015.07.17"]
[SourceVersion "1"]
[SourceVersionDate "2015.07.17"]
[SourceQuality "1"]

1. e4 e6 2. d4 d5 3. Nc3 Nf6 4. e5 Nfd7 5. f4 c5 6. Nf3 cxd4 7. Nxd4 Nc6 8. Be3 Bc5 9. Qd2 0-0 10. 0-0-0 Nxd4 11. Bxd4 a6 12. Bxc5 Nxc5 13. Qd4 Qc7 14. h4 b5 15. h5 Rb8 16. h6 g6 17. b4 Nd7 18. Rh3 Nb6 0-1

[Event "CP-2012-P-00001"]
[Site "LSS email"]
[Date "2012.10.01"]
[Round "?"]
[White "Kudryavtsev, Yaroslav Viktorovic"]
[Black "Wellen, Loyd"]
[Result "1-0"]
[WhiteElo "2046"]
[BlackElo "2017"]
[PlyCount "31"]
[EventDate "2012.10.05"]
[EventType "tourn (corr)"]
[EventRounds "6"]
[EventCountry "GER"]
[SourceTitle "Corr 2015"]
[Source "ChessBase"]
[SourceDate "2015.07.17"]
[SourceVersion "1"]
[SourceVersionDate "2015.07.17"]
[SourceQuality "1"]

1. e4 c6 2. d4 d5 3. e5 Bf5 4. Nf3 e6 5. Be2 Nd7 6. 0-0 h6 7. Nbd2 Ne7 8. c3 Qc7 9. b4 a5 10. Nb3 a4 11. Nc5 b5 12. Ne1 Nc8 13. Bg4 Bxg4 14. Qxg4 Ndb6 15. Ned3 Be7 16. Qxg7 1-0

[Event "CP-2012-P-00001"]
[Site "LSS email"]
[Date "2012.10.01"]
[Round "?"]
[White "Pietrzak, Wojciech"]
[Black "Kudryavtsev, Yaroslav Viktorovic"]
[Result "0-1"]
[WhiteElo "1523"]
[BlackElo "2046"]
[PlyCount "68"]
[EventDate "2012.10.05"]
[EventType "tourn (corr)"]
[EventRounds "6"]
[EventCountry "GER"]
[SourceTitle "Telechess CBM 161"]
[Source "ChessBase"]
[SourceDate "2014.07.16"]
[SourceVersion "1"]
[SourceVersionDate "2014.07.16"]
[SourceQuality "1"]

1. e4 e5 2. Nf3 Nc6 3. Nc3 Nf6 4. Nxe5 Nxe5 5. d4 Ng6 6. e5 Ng8 7. Bc4 d5 8. Bxd5 N8e7 9. Bg5 Qd7 10. Bc4 Nf5 11. Qd3 Qxd4 12. Qxd4 Nxd4 13. 0-0-0 Ne6 14. Bxe6 fxe6 15. Nb5 Kf7 16. Nxc7 Rb8 17. Nb5 h6 18. Be3 a6 19. Nd6+ Bxd6 20. exd6 Bd7 21. h4 h5 22. c4 e5 23. Rd2 Bc6 24. f3 Ke6 25. Kc2 Rhf8 26. Bg5 Kd7 27. b4 e4 28. fxe4 Rbe8 29. Re1 Rxe4 30. Rxe4 Bxe4+ 31. Kc3 Nf4 32. c5 Ne6 33. Be3 Rf6 34. a4 Rg6 0-1

[Event "LSS No Engine Cup 70 Preliminary 1"]
[Site "LSS email"]
[Date "2012.08.21"]
[Round "?"]
[White "Arango Marin, Sixto Gregorio"]
[Black "Kudryavtsev, Yaroslav Viktorovic"]
[Result "0-1"]
[WhiteElo "811"]
[BlackElo "2036"]
[PlyCount "96"]
[EventDate "2012.08.22"]
[EventType "tourn (corr)"]
[EventRounds "6"]
[EventCountry "GER"]
[SourceTitle "Telechess CBM 159"]
[Source "ChessBase"]
[SourceDate "2014.03.17"]
[SourceVersion "1"]
[SourceVersionDate "2014.03.17"]
[SourceQuality "1"]

1. e4 c5 2. Bc4 Nc6 3. a4 Nf6 4. d3 e6 5. Bg5 Be7 6. Nf3 d5 7. exd5 exd5 8. Bb5 0-0 9. Bxc6 bxc6 10. 0-0 Bg4 11. h3 Bh5 12. Nbd2 Rb8 13. Bxf6 Bxf6 14. g4 Bg6 15. Rb1 Rxb2 16. Rxb2 Bxb2 17. Qb1 Bf6 18. Qb7 Qa5 19. Qxc6 c4 20. dxc4 Bxc2 21. cxd5 Bxa4 22. Qb7 Rd8 23. Ne4 Rd7 24. Qc8+ Rd8 25. Nxf6+ gxf6 26. Qf5 Qxd5 27. Qxf6 Bc6 28. Qg5+ Qxg5 29. Nxg5 h6 30. Rc1 Bd5 31. Nxf7 Bxf7 32. Rc7 Ra8 33. f4 a5 34. Rc3 a4 35. Ra3 Bb3 36. Ra1 a3 37. Kf2 Bc2 38. Ke3 a2 39. f5 Bb1 40. Kf4 Ra5 41. h4 Kf7 42. h5 Kf6 43. Kf3 Kg5 44. Kg3 Ra3+ 45. Kf2 Kxg4 46. f6 Rf3+ 47. Kg2 Rxf6 48. Rxa2 Bxa2 0-1

[Event "LSS No Engine Cup 51 Final"]
[Site "LSS email"]
[Date "2012.05.20"]
[Round "?"]
[White "Schubert, Steffen"]
[Black "Kudryavtsev, Yaroslav Viktorovic"]
[Result "1/2-1/2"]
[WhiteElo "2003"]
[BlackElo "2053"]
[PlyCount "103"]
[EventDate "2012.05.21"]
[EventType "tourn (corr)"]
[EventRounds "6"]
[EventCountry "GER"]
[SourceTitle "Telechess CBM 163"]
[Source "ChessBase"]
[SourceDate "2014.11.11"]
[SourceVersion "2"]
[SourceVersionDate "2014.11.11"]
[SourceQuality "1"]

1. e4 e5 2. Nf3 Nc6 3. Bb5 Bc5 4. 0-0 Qf6 5. c3 Nge7 6. Re1 h6 7. d4 Bb6 8. d5 Nb8 9. a4 a6 10. Bd3 d6 11. Na3 0-0 12. Nc4 Ba7 13. b4 Ng6 14. g3 Bg4 15. Kg2 Nd7 16. h3 Qxf3+ 17. Qxf3 Bxf3+ 18. Kxf3 Ne7 19. g4 Kh7 20. Bd2 g5 21. a5 Ng6 22. Bc2 Nh4+ 23. Kg3 Kg7 24. Ba4 Nf6 25. f3 Ng6 26. Reb1 Rfb8 27. b5 Bc5 28. bxa6 Rxa6 29. Rb2 Nf4 30. Bc6 bxc6 31. Rxb8 cxd5 32. exd5 N6xd5 33. Rb7 Ng6 34. Bc1 Nh4 35. Bb2 f5 36. gxf5 Kf6 37. Nxe5 dxe5 38. Rb5 Nxf5+ 39. Kh2 Bd6 40. Rxd5 e4+ 41. Kg1 c6 42. Rd2 Bc5+ 43. Kg2 Ne3+ 44. Kg3 Nf5+ 45. Kg4 Ne3+ 46. Kh5 Nc4 47. Re2 Nxb2 48. Rxb2 exf3 49. Kg4 f2 50. Rbb1 Ke5 51. Kf3 Kf5 52. Ra4 1/2-1/2

[Event "WC-2016-P-00018"]
[Site "LSS email"]
[Date "2012.02.12"]
[Round "?"]
[White "Conterno, Dominique"]
[Black "Kudryavtsev, Yaroslav Viktorovic"]
[Result "1/2-1/2"]
[WhiteElo "2115"]
[BlackElo "2046"]
[PlyCount "91"]
[EventDate "2012.02.15"]
[EventType "tourn (corr)"]
[EventRounds "12"]
[EventCountry "GER"]
[SourceTitle "Telechess CBM 161"]
[Source "ChessBase"]
[SourceDate "2014.07.16"]
[SourceVersion "1"]
[SourceVersionDate "2014.07.16"]
[SourceQuality "1"]

1. e4 c6 2. d3 d5 3. Nd2 e5 4. Ngf3 Bd6 5. g3 Nf6 6. Bg2 0-0 7. 0-0 Re8 8. Re1 Nbd7 9. c3 h6 10. Qc2 a5 11. Nf1 dxe4 12. dxe4 Nc5 13. Nh4 Bf8 14. Rd1 Qb6 15. h3 Rd8 16. Be3 Rxd1 17. Rxd1 a4 18. g4 Be6 19. c4 Rd8 20. Rd2 Rxd2 21. Nxd2 Qa5 22. a3 Qd8 23. Nhf3 Qd3 24. Qc1 Nfd7 25. Bf1 Qd6 26. Kg2 Be7 27. Qc3 Bd8 28. Qb4 Bb6 29. Nh4 Qc7 30. Qc3 Kh7 31. Qc2 g6 32. Nf5 f6 33. Ng3 Qd6 34. Kg1 Bf7 35. h4 Ne6 36. Bxb6 Nxb6 37. Nf3 Nc5 38. Nd2 Qd8 39. h5 gxh5 40. gxh5 Qg8 41. b4 axb3 42. Nxb3 Nba4 43. Nxc5 Nxc5 44. Qd2 Nxe4 45. Bd3 f5 46. Bxe4 1/2-1/2

[Event "WC-2016-P-00018"]
[Site "LSS email"]
[Date "2012.02.12"]
[Round "?"]
[White "Kudryavtsev, Yaroslav Viktorovic"]
[Black "Conterno, Dominique"]
[Result "1/2-1/2"]
[WhiteElo "2046"]
[BlackElo "2115"]
[PlyCount "44"]
[EventDate "2012.02.15"]
[EventType "tourn (corr)"]
[EventRounds "12"]
[EventCountry "GER"]
[SourceTitle "Telechess CBM 161"]
[Source "ChessBase"]
[SourceDate "2014.07.16"]
[SourceVersion "1"]
[SourceVersionDate "2014.07.16"]
[SourceQuality "1"]

1. e4 d6 2. d4 Nf6 3. Nc3 g6 4. f4 Bg7 5. Nf3 c5 6. Bb5+ Bd7 7. e5 Ng4 8. Bxd7+ Qxd7 9. d5 dxe5 10. h3 e4 11. Nxe4 Nf6 12. Nxf6+ Bxf6 13. 0-0 0-0 14. Be3 Bxb2 15. Rb1 Bg7 16. Bxc5 Rd8 17. Ba3 Qxd5 18. Qxd5 Rxd5 19. Rxb7 Nc6 20. Bxe7 Ra5 21. c4 Nxe7 22. Rxe7 Rxa2 1/2-1/2

[Event "WC-2016-P-00018"]
[Site "LSS email"]
[Date "2012.02.12"]
[Round "?"]
[White "Kudryavtsev, Yaroslav Viktorovic"]
[Black "Markus, Roland"]
[Result "1/2-1/2"]
[WhiteElo "2046"]
[BlackElo "2232"]
[PlyCount "103"]
[EventDate "2012.02.15"]
[EventType "tourn (corr)"]
[EventRounds "12"]
[EventCountry "GER"]
[SourceTitle "Telechess CBM 161"]
[Source "ChessBase"]
[SourceDate "2014.07.16"]
[SourceVersion "1"]
[SourceVersionDate "2014.07.16"]
[SourceQuality "1"]

1. e4 e5 2. Nf3 Nc6 3. Bc4 Bc5 4. b4 Bxb4 5. c3 Be7 6. d4 Na5 7. Nxe5 Nxc4 8. Nxc4 d5 9. exd5 Qxd5 10. Ne3 Qd8 11. 0-0 Nf6 12. Ba3 Bxa3 13. Qa4+ c6 14. Qxa3 Qe7 15. Qxe7+ Kxe7 16. Nd2 Be6 17. Rfb1 b6 18. c4 Rhd8 19. Nf3 Ne4 20. a4 Rac8 21. h3 Nd6 22. a5 b5 23. d5 Bd7 24. c5 Ne4 25. d6+ Kf8 26. Rc1 Re8 27. Rab1 f6 28. Rb3 Kf7 29. Ne1 Rcd8 30. Nd3 g5 31. Nf1 f5 32. f3 Nf6 33. f4 gxf4 34. Nxf4 Ne4 35. Ng3 Nd2 36. Rd3 Ne4 37. Rc2 Rb8 38. Rb3 b4 39. Nge2 Re5 40. Nd3 Rd5 41. Rxb4 Rxb4 42. Nxb4 Rxc5 43. Rxc5 Nxc5 44. Nd4 a6 45. g3 Kf6 46. Nbxc6 Bxc6 47. Nxc6 Ke6 48. Kf2 Kxd6 49. Nb4 Nb3 50. Nxa6 Nxa5 51. Kf3 Nb3 52. Nb4 1/2-1/2

[Event "WC-2016-P-00018"]
[Site "LSS email"]
[Date "2012.02.12"]
[Round "?"]
[White "Markus, Roland"]
[Black "Kudryavtsev, Yaroslav Viktorovic"]
[Result "1/2-1/2"]
[WhiteElo "2232"]
[BlackElo "2046"]
[PlyCount "177"]
[EventDate "2012.02.15"]
[EventType "tourn (corr)"]
[EventRounds "12"]
[EventCountry "GER"]
[SourceTitle "Telechess CBM 161"]
[Source "ChessBase"]
[SourceDate "2014.07.16"]
[SourceVersion "1"]
[SourceVersionDate "2014.07.16"]
[SourceQuality "1"]

1. Nf3 d5 2. g3 Nf6 3. Bg2 c5 4. d3 Nc6 5. 0-0 e5 6. Nbd2 Be7 7. e4 Be6 8. exd5 Nxd5 9. Nc4 f6 10. b3 Qd7 11. a4 Ndb4 12. Bb2 0-0 13. Nfd2 Rad8 14. Rc1 Nd4 15. Ne3 Bh3 16. Bxh3 Qxh3 17. Nec4 Rfe8 18. Re1 Qf5 19. Ne3 Qg6 20. Nec4 Nbxc2 21. Rxc2 Nxc2 22. Qxc2 Qxd3 23. Qc1 Rd7 24. Bc3 Red8 25. Kg2 Qf5 26. f3 b6 27. Ne4 Rd3 28. Ne3 Qg6 29. Qc2 Qf7 30. Nf2 R3d7 31. Rb1 Qg6 32. Qe4 Qxe4 33. fxe4 b5 34. axb5 Rb8 35. Kf1 Rxb5 36. Nc4 Rb8 37. Nd1 Rdb7 38. Na5 Rb6 39. Be1 Bd8 40. Nc3 h5 41. Ke2 Rd6 42. Nc4 Rd7 43. Nd5 a5 44. Bxa5 Bxa5 45. Nxa5 Ra7 46. Nc4 Rba8 47. Nc3 Ra1 48. Rb2 Rh1 49. Kd3 Rd8+ 50. Nd5 Rd1+ 51. Rd2 Rc1 52. Ncb6 Kf7 53. Ra2 Kg6 54. Ra7 Rb1 55. Kc4 Rc1+ 56. Kb5 Rb1 57. Ra3 Re1 58. Kxc5 h4 59. gxh4 Rxe4 60. b4 Rxh4 61. b5 Rxh2 62. Ne7+ Kh5 63. Nc4 Rd7 64. Nc6 Rh1 65. b6 Rhd1 66. N6a5 R7d5+ 67. Kc6 Rd8 68. Rh3+ Kg5 69. Rg3+ Kf4 70. Rxg7 e4 71. b7 Re8 72. Nd6 Rb8 73. Nac4 e3 74. Re7 Rd3 75. Re6 Kf3 76. Rxf6+ Kg2 77. Re6 Kf2 78. Ne4+ Kg2 79. Nc5 Rc3 80. Kb5 Rxb7+ 81. Nxb7 Rb3+ 82. Kc6 Kf2 83. Rf6+ Kg2 84. Re6 Kf2 85. Rf6+ Kg2 86. Nc5 e2 87. Re6 Kf2 88. Ne4+ Kg2 89. Nc5 1/2-1/2

[Event "WC-2016-P-00018"]
[Site "LSS email"]
[Date "2012.02.12"]
[Round "?"]
[White "Pasqua, Giovanni"]
[Black "Kudryavtsev, Yaroslav Viktorovic"]
[Result "0-1"]
[WhiteElo "1634"]
[BlackElo "2046"]
[PlyCount "20"]
[EventDate "2012.02.15"]
[EventType "tourn (corr)"]
[EventRounds "12"]
[EventCountry "GER"]
[SourceTitle "Corr 2015"]
[Source "ChessBase"]
[SourceDate "2015.07.17"]
[SourceVersion "1"]
[SourceVersionDate "2015.07.17"]
[SourceQuality "1"]

1. Nf3 d5 2. d4 e6 3. Bf4 c5 4. e3 Nf6 5. Nbd2 Qb6 6. Rb1 Nc6 7. dxc5 Qxc5 8. c4 Be7 9. a3 Qa5 10. cxd5 Nxd5 0-1

[Event "CP-2010-Q-00007"]
[Site "LSS email"]
[Date "2012.01.15"]
[Round "?"]
[White "Carroll, Patrick J"]
[Black "Kudryavtsev, Yaroslav Viktorovic"]
[Result "1/2-1/2"]
[WhiteElo "2080"]
[BlackElo "2040"]
[PlyCount "129"]
[EventDate "2012.01.20"]
[EventType "tourn (corr)"]
[EventRounds "6"]
[EventCountry "GER"]
[SourceTitle "Telechess CBM 159"]
[Source "ChessBase"]
[SourceDate "2014.03.17"]
[SourceVersion "1"]
[SourceVersionDate "2014.03.17"]
[SourceQuality "1"]

1. e4 c6 2. d4 d5 3. e5 Bf5 4. Be2 e6 5. Nf3 Ne7 6. 0-0 c5 7. dxc5 Nec6 8. Be3 Nd7 9. c4 dxc4 10. Na3 Bxc5 11. Bxc5 Nxc5 12. Nxc4 0-0 13. Qc1 Ne4 14. Rd1 Qc7 15. Qe3 Rfd8 16. Rac1 Rxd1+ 17. Bxd1 Qd8 18. Bc2 Qd5 19. Bb3 Qc5 20. Ba4 Rd8 21. Bxc6 Qxc6 22. h3 h5 23. b3 Qc5 24. Qxc5 Nxc5 25. Nd6 b6 26. Ng5 f6 27. Ngf7 Rd7 28. exf6 Rxf7 29. Nxf7 Kxf7 30. fxg7 a5 31. f3 Kxg7 32. g4 Bg6 33. h4 Kf6 34. Rd1 Ke7 35. Kh2 Bc2 36. Rd2 Bg6 37. Kg3 e5 38. Rd5 Nd7 39. Rd1 Ke6 40. a3 Be8 41. f4 hxg4 42. fxe5 Nxe5 43. Kf4 Nd7 44. Re1+ Kf7 45. Kxg4 Nf6+ 46. Kf5 Bd7+ 47. Kg5 Nh7+ 48. Kh6 Nf6 49. Rf1 Ke7 50. Kg7 Nh5+ 51. Kg6 Be8+ 52. Kg5 Ng7 53. Re1+ Kd7 54. b4 axb4 55. axb4 Kd6 56. Rd1+ Ke5 57. Ra1 Ne6+ 58. Kg4 Kd5 59. Ra8 Bg6 60. Rb8 Kc6 61. Rh8 Kd5 62. Rg8 Bc2 63. Rb8 Bd1+ 64. Kg3 Kc6 65. Kf2 1/2-1/2